| 000 | 00678nam a2200193Ia 4500 | ||
|---|---|---|---|
| 003 | SGT | ||
| 020 | _a9780070618480 | ||
| 082 |
_a658.562 _bGRY |
||
| 100 | _aGryna,Frank M | ||
| 245 | _aQuality planning & analysis for entrerprise quality | ||
| 250 | _a5th Ed. | ||
| 260 |
_bTata McGraw Hill Education Private Limited _aNew Delhi _c2011 |
||
| 300 | _a774p. | ||
| 650 | _aMANAGEMENT | ||
| 653 | _aCOMPANY WIDE ASSESSMENT O QUALITY,BASIC CONCEPTS,QUALITY IMPROVEMENT AND COST REDUCTION,OPERATIONAL QUALITY PLANNING AND SALES INCOME,QUALITY CONTROL,MANAGEMENT CONCEPTS,PROCESS MANAGEMENT CONCEPTS | ||
| 700 | _aChu,Richard C.H | ||
| 700 | _aDefeo,Joseph A | ||
| 942 |
_2ddc _cBK |
||
| 999 |
_c5533 _d5533 |
||